• 首页
  • 本馆介绍
  • 公告通知
  • 最新文献
  • 馆藏检索
  • 电子资源
  • 读者导购
  • 参考咨询
  • 我的图书馆
  • 登录
  • 详细信息显示
  • 放入我的书架
  • 预约/预借图书
  • 作者相关作品
  • 分类相关作品
  • 丛书相关作品
  • 出版社相关作品

书目信息

  • 表格格式
  • 工作单格式
  • 卡片格式
题名:
卫星气象学
    
 
作者: 陈渭民 编著
分册:  
出版信息: 北京   气象出版社  2017.08
页数: 582页
开本: 23cm
丛书名:
单 册:
中图分类: P405
科图分类:
主题词: 气象卫星--卫星遥感
电子资源:
ISBN: 978-7-5029-6610-2
000 00748nam0 2200229 450
001 5518
005 20181016164143.65
010    @a978-7-5029-6610-2@dCNY78.00
100    @a20171222d2017 em y0chiy50 ea
101 0  @achi
102    @aCN@b110000
105    @aa z 000yy
200 1  @a卫星气象学@9wei xing qi xiang xue@f陈渭民编著
205    @a3版
210    @a北京@c气象出版社@d2017.08
215    @a582页@c图@d23cm
330    @a本书共十一章,主要内容包括:气象卫星遥感的概述和应用、气象卫星轨道和气象卫星、卫星遥感辐射基础知识、卫星云图观测原理和资料获取处理、卫星图像分析基础等。
606 0  @a气象卫星@x卫星遥感
690    @aP405@v5
701  0 @a陈渭民@9chen wei min@4编著
801  0 @aCN@b91MARC@c20171222
905    @aMuseLib@dP405@e135=3
    
    卫星气象学/陈渭民编著.-3版.-北京:气象出版社,2017.08
    582页:图;23cm
    
    
    ISBN 978-7-5029-6610-2:CNY78.00
    本书共十一章,主要内容包括:气象卫星遥感的概述和应用、气象卫星轨道和气象卫星、卫星遥感辐射基础知识、卫星云图观测原理和资料获取处理、卫星图像分析基础等。
●
相关链接 在E读中查询图书 在五车中查询图书 在当当中查询图书 在豆瓣中查询图书


正题名:卫星气象学     索取号:P405/135=3         预约/预借

序号 登录号 条形码 馆藏地/架位号 状态 备注
1 1130105   211301054   第二样本阅览室/ [索取号:P405/135=3] 在馆    
2 1130106   211301063   第三借阅区/ [索取号:P405/135=3] 在馆    
3 1130107   211301072   第三借阅区/ [索取号:P405/135=3] 在馆    
4 1130108   211301081   密集书库-资源管理系/ [索取号:P405/135=3] 在馆    
5 1130109   211301090   第三借阅区/ [索取号:P405/135=3] 在馆    
唐山师范学院图书馆 欢迎您!
大连网信软件有限公司© 版权所有